000 00423nam a2200181Ia 4500
001 2849
005 20260306144837.0
008 260306t2016||||xx |||||||||||||| ||spa||
041 _aESP
082 _a230.2
_bT69 2016 T. 10
100 _aTomas de Aquino, Santo
_eAUT
245 0 _aSuma teológica
260 _c2016
300 _a887 páginas :
_c20 cm.
650 _aGEN
654 _aCHU
942 _cLIB
_dJUS
_fJUS
_2ddc
_n
999 _c2849
_d2849